000 00644nam a2200229 a 4500
001 BRCA_6912
005 20190320205635.0
008 161111s1951----u--ab#####---#000-0#eng-#
041 _aeng
044 _au
050 4 _aDS95
_b.H58 1951
245 1 0 _aHistory of Syria
_bincluding Lebanon and Palestine
_cby Philip K. Hitti.
260 _aNueva York
_bMacmillan
_c1951
300 _axxv, 749 p.
_bil., mapas
_c23 cm.
500 _aEstado físico: Camisa deteriorada
500 _aO110
651 4 _aSiria
_xHistoria
_917218
651 4 _aLíbano
_xHistoria
_917219
651 4 _aPalestina
_xHistoria
_917220
902 _aGFM
942 _2lcc
_cB
999 _c6594
_d6594